| 000 | 00338nam a22001337a 4500 | ||
|---|---|---|---|
| 008 | 250404b |||||||| |||| 00| 0 eng d | ||
| 020 | _a9783122571 | ||
| 050 |
_aHJ68 _b.A23 |
||
| 100 | _aABBA E. Ugoo | ||
| 245 | _aPublic Finance and Government Budgeting | ||
| 260 |
_aNigeria _bAbbot Books Ltd. _c2007 |
||
| 300 | _avi, 200p. | ||
| 942 | _cBK | ||
| 999 |
_c2893 _d2893 |
||